|
|
|
|
| LEADER |
00000nam0a2200000 4500 |
| 001 |
122661 |
| 005 |
20231101215746.0 |
| 010 |
|
|
|a 9851309842
|
| 035 |
|
|
|a (RuTPU)RU\TPU\book\132795
|
| 035 |
|
|
|a RU\TPU\book\132794
|
| 090 |
|
|
|a 122661
|
| 100 |
|
|
|a 20071005d2005 k y0rusy50 ca
|
| 101 |
1 |
|
|a rus
|c ger
|
| 102 |
|
|
|a BY
|
| 105 |
|
|
|a y z 000zy
|
| 200 |
1 |
|
|a Так говорил Заратустра
|a К генеалогии морали
|a Рождение трагедии
|a Воля к власти
|a Посмертные афоризмы
|e пер. с нем.
|f Ф. Ницше
|
| 210 |
|
|
|a Минск
|c Харвест
|d 2005
|
| 215 |
|
|
|a 1037 с.
|
| 225 |
1 |
|
|a Philosophy
|
| 330 |
|
|
|a Сборник объединяет работы Ф. Ницше, относящиеся к так называемому последнему периоду его философии, а также более раннее произведение «Рождение трагедии, или Эллинство и пессимизм». В своих произведениях автор осуществляет переоценку традиционных представлений об истине и заблуждении, не находя принципиальной разницы между ними. Книга предназначена для широкого крута читателей.
|
| 606 |
1 |
|
|a Немецкая философия
|z 2 пол. 19 в. -1949 г.
|2 stltpush
|3 (RuTPU)RU\TPU\subj\45373
|9 64617
|
| 610 |
1 |
|
|a философия
|
| 610 |
1 |
|
|a история
|
| 610 |
1 |
|
|a 20 век
|
| 610 |
1 |
|
|a мораль
|
| 610 |
1 |
|
|a воля
|
| 610 |
1 |
|
|a власть
|
| 610 |
1 |
|
|a трагедии
|
| 610 |
1 |
|
|a философские произведения
|
| 610 |
1 |
|
|a афоризмы
|
| 686 |
|
|
|a Ю3(4Г)6
|v LBC/SL-A
|2 rubbk
|
| 700 |
|
1 |
|a Ницше
|b Ф.
|c немецкий философ
|f 1844-1900
|g Фридрих
|2 stltpush
|3 (RuTPU)RU\TPU\pers\341
|9 167
|
| 801 |
|
1 |
|a RU
|b 63413507
|c 20071005
|g PSBO
|
| 801 |
|
2 |
|a RU
|b 63413507
|c 20141117
|g PSBO
|
| 942 |
|
|
|c BK
|